Представление документа в формате RUSMARC

ПолеНазваниеЗначение
  Тип записи a
  Библиографический уровень m
001 Контрольный номер RU/IS/BASE/521649310
005 Дата корректировки 20240209174640.5
010 Индекс ISBN __
a ISBN 978-5-89355-325-3
b Уточнения в пер.
d Цена 100 р. 00 к.
9 Тираж 135 000 экз.
100 Данные общей обработки __
a Данные общей обработки 20150803d2015 ||| 0rusy0189 ca
101 Язык документа 0_
a Язык текста rus
102 Страна публикации __
a Страна публикации RU
105 Кодированные данные (монография) __
a Кодированные данные (монография) y###||||000|y
200 Заглавие и сведения об ответственности 1_
a Заглавие Великие тайны прошлого
b Общее обозначение материала Текст
e Сведения, относящиеся к заглавию пер. с англ.
g Последующие сведения об ответственности гл. ред. Н. Ярошенко
205 Сведения об издании __
a Основные сведения об издании Изд. 2-е, испр. и доп.
210 Выходные данные 1_
a Место издания Москва
c Издательство Ридерз Дайджест
d Дата издания 2009
215 Физическое описание __
a Объем 367 с.
c Иллюстрации/тип воспроизводства ил.
d Формат 26 см.
300 Общие примечания __
a Общие примечания Ограничения по возрасту - 16+
600 Персоналии _0
a Персоналии (Фамилия) Гитлер
600 Персоналии _0
a Персоналии (Фамилия) Наполеон Бонапарт
606 Тематические рубрики 2_
a Основная рубрика Всемирная история - Тайны и загадки
610 Ключевые слова 0_
a Ключевые слова загадки
a Ключевые слова тайны
a Ключевые слова тайны истории
a Ключевые слова головоломки исторические
a Ключевые слова загадки истории
a Ключевые слова Янтарная комната
686 Индексы других классификаций __
a Классификационный индекс 63.3(0)
2 Код системы ББК
801 Источник записи _0
a Страна RU
b Организация МБУК ЦБС
c Дата составления 20150803
g Правила каталогизации RCR
801 Источник записи _1
a Страна RU
b Организация МБУК ЦБС г. Ульяновска
c Дата составления 20150803
g Правила каталогизации RCR
899 Данные о местонахождении __
i Авторский знак В 27
j Расстановочный фильтр 63.3(0)
901 Тип документа __
t Тип документа m
910 Корректоры записи __
a Корректор записи Скрипина